Green farming (Record no. 117979)
[ view plain ]
| 000 -LEADER | |
|---|---|
| fixed length control field | 01207cam a2200229 4500 |
| 001 - CONTROL NUMBER | |
| control field | WB@3612-824 |
| 008 - FIXED-LENGTH DATA ELEMENTS--GENERAL INFORMATION | |
| fixed length control field | 040909n2004 000 0 eng u |
| 035 ## - SYSTEM CONTROL NUMBER | |
| System control number | (Sirsi) u127300 |
| 245 ## - TITLE STATEMENT | |
| Title | Green farming |
| 260 ## - PUBLICATION, DISTRIBUTION, ETC. | |
| Date of publication, distribution, etc. | 2004 |
| 490 ## - SERIES STATEMENT | |
| Series statement | Scottish Executive News Release |
| Volume/sequential designation | 6 September 2004 (1) |
| 520 ## - SUMMARY, ETC. | |
| Summary, etc. | According to an independent study into public attitudes towards agriculture, the public gives full backing to changes in agricultural policy that encourage farmers to take better care of the environment. The Scottish taxpayer takes a very positive view of the role agriculture plays in the countryside and supports the new system of subsidy payment which backs environment and rural development. The public showed most support for policies relating to the promotion of locally grown food, enhanced quality of lochs, rivers and wetlands, enhancing wildlife habitats and maintaining farming communities. http://www.scotland.gov.uk/News/Releases/2004/09/0 6095042 |
| 590 ## - LOCAL NOTE (RLIN) | |
| Local note | WB |
| 590 ## - LOCAL NOTE (RLIN) | |
| Local note | WB |
| 650 ## - SUBJECT ADDED ENTRY--TOPICAL TERM | |
| Topical term or geographic name entry element | GREEN FARMING |
| 650 ## - SUBJECT ADDED ENTRY--TOPICAL TERM | |
| Topical term or geographic name entry element | SCOTLAND |
| 650 ## - SUBJECT ADDED ENTRY--TOPICAL TERM | |
| Topical term or geographic name entry element | FARMING |
| 650 ## - SUBJECT ADDED ENTRY--TOPICAL TERM | |
| Topical term or geographic name entry element | LAND MANAGEMENT |
| 650 ## - SUBJECT ADDED ENTRY--TOPICAL TERM | |
| Topical term or geographic name entry element | GOVERNMENT POLICY |
| 690 ## - LOCAL SUBJECT ADDED ENTRY--TOPICAL TERM (OCLC, RLIN) | |
| Topical term or geographic name as entry element | RURAL-NATURE CONSERVATION |
| 942 ## - ADDED ENTRY ELEMENTS (KOHA) | |
| Suppress in OPAC | 0 |
| Withdrawn status | Lost status | Source of classification or shelving scheme | Damaged status | Not for loan | Home library | Current library | Shelving location | Date acquired | Total Checkouts | Full call number | Barcode | Date last seen | Copy number | Price effective from | Koha item type |
|---|---|---|---|---|---|---|---|---|---|---|---|---|---|---|---|
| Dewey Decimal Classification | London | London | News article | 09/09/2004 | WB403427 | 127300-1001 | 06/08/2019 | 1 | 06/08/2019 | News article |